Cadenas de suministro global : perspectivas desde la gestión de existencias /

Bibliographic Details
Main Author: Barragán Moreno, Gabriel Ernesto (Author)
Format: Electronic eBook
Language:Spanish
Published: Bogotá : Editorial Uniagustiniana, [2019]
Edition:Primera edición.
Series:Colección Ciencias económicas y administrativas (Editorial Uniagustiniana)
Subjects:
Online Access:Digitalia Hispánica

MARC

LEADER 00000nam a2200000Ii 4500
001 DIGUAGANA0007
003 NyNyDIG
006 m o d
007 cr |||||||||||
008 250303s2019 ck a ob 000 0 spa d
035 |a (OCoLC)1507372846 
040 |a DGITA  |b eng  |e rda  |e pn  |c DGITA 
020 |a 9789585498310  |q (digital) 
020 |z 9789585498303  |q (impreso) 
050 1 4 |a HD38.5 ebook 
100 1 |a Barragán Moreno, Gabriel Ernesto,  |e author. 
245 1 0 |a Cadenas de suministro global :  |b perspectivas desde la gestión de existencias /  |c Gabriel Ernesto Barragán Moreno, autor. 
250 |a Primera edición. 
264 1 |a Bogotá :  |b Editorial Uniagustiniana,  |c [2019] 
300 |a 1 online resource :  |b illustrations. 
336 |a text  |b txt  |2 rdacontent 
337 |a computer  |b c  |2 rdamedia 
338 |a online resource  |b cr  |2 rdacarrier 
347 |a text file  |2 rdaft 
347 |b PDF 
490 1 |a Colección Ciencias económicas y administrativas 
504 |a Includes bibliographical references. 
588 0 |a Online resource; title from PDF title page (Digitalia, viewed March 3, 2025) 
650 0 |a Business logistics. 
650 0 |a Industrial management. 
650 0 |a Supply chain management. 
776 0 8 |i Print version:  |a Barragán Moreno, Gabriel Ernesto.  |t Cadenas de suministro global.  |b Primera edición.  |d Bogotá : Editorial Uniagustiniana, [2019]  |z 9789585498303 
791 2 |a Digitalia (Firm),  |e distributor. 
793 0 |g Digitalia eBook Collection:  |a Editorial Uniagustiniana 
830 0 |a Colección Ciencias económicas y administrativas (Editorial Uniagustiniana) 
856 4 0 |3 Digitalia Hispánica  |u https://www.digitaliapublishing.com/a/162799/ 
910 |a Premium collection: 2025